Конвейеры строительные передвижные ленточные.Общие технические условия по ГОСТ 51803-2001; Справочник. Инженерный журнал; № 11

Detalles Bibliográficos
Parent link:Справочник. Инженерный журнал: научно-технический и производственный журнал.— , 2000-.— 0203-347X
№ 11.— 2003.— С. 50-51
Idioma:ruso
Publicado: 2003
Series:Справочник конструктора-машиностроителя
Subjects:
Formato: MixedMaterials Capítulo de libro
KOHA link:https://koha.lib.tpu.ru/cgi-bin/koha/opac-detail.pl?biblionumber=389553

MARC

LEADER 00000naa2a2200000 4500
001 389553
005 20231101063900.0
035 |a (RuTPU)RU\TPU\prd\21906 
090 |a 389553 
100 |a 20040128a2003 k y0rusy50 ca 
101 0 |a rus 
102 |a RU 
200 1 |a Конвейеры строительные передвижные ленточные.Общие технические условия по ГОСТ 51803-2001 
225 1 |a Справочник конструктора-машиностроителя 
320 |a Библиогр.: 1 назв. 
461 1 |0 (RuTPU)RU\TPU\prd\1723  |x 0203-347X  |t Справочник. Инженерный журнал  |o научно-технический и производственный журнал  |d 2000- 
463 1 |0 (RuTPU)RU\TPU\prd\20875  |t № 11  |v С. 50-51  |d 2003 
610 1 |a конвейеры 
610 1 |a строительные конвейеры 
610 1 |a технические условия 
610 1 |a стандарты 
610 1 |a ленточные конвейеры 
801 1 |a RU  |b 63413507  |c 20040128  |g PSBO 
801 2 |a RU  |b 63413507  |c 20140116  |g PSBO 
942 |c BK